Vista normal
Vista MARC
Entrada Topical Term
Número de registros utilizados en: 2
001 - CONTROL NUMBER
- control field: 65474
003 - CONTROL NUMBER IDENTIFIER
- control field: OSt
005 - DATE AND TIME OF LATEST TRANSACTION
- control field: 20251008203835.0
008 - FIXED-LENGTH DATA ELEMENTS
- fixed length control field: 251008|| aca||aabn | a|a d
040 ## - CATALOGING SOURCE
- Original cataloging agency: OSt
- Transcribing agency: OSt
150 ## - HEADING--TOPICAL TERM
- Topical term or geographic name entry element: Protección del medio ambiente
- General subdivision: Participación ciudadana
- General subdivision: Literatura infantil
670 ## - SOURCE DATA FOUND
- Source citation: Work cat.: (OSt)59405: Hui, Rebecca aut 65472, Es nuestra tarea hacer un mundo mejor /